000 00799nam a22002417a 4500
003 UA-OsUOA
001 127120
007 ta
008 20171120b un ||||| |||| 00| 0 ukr d
100 _aЛевек Р.
700 _aХодаківська О. В.
700 _aЮрченко І. В.
090 _a330
_bЛ35
942 _cSA
040 _aUA-OsUOA
_bukr
_cUA-OsUOA
_dUA-OsUOA
245 _aМоделі регулювання ринкового обігу земель сільськогосподарського призначення в країнах Європейського Союзу
300 _aС.5-13
955 _a0
041 _aukr
080 _a330
773 0 _w127119
_tЕкономіка АПК
_dК.
_d2017
_g10
650 7 _a330 Економіка взагалі
_2UDC
999 _c415076
_d415076